Central Library OPAC University of Rajshahi

How Jerusalem was Won: being the record of Allenby's campaign in Palestine ... With illustrations and maps./ (Record no. 69361)

MARC details
000 -LEADER
fixed length control field 00749nam a2200241 4500
001 - CONTROL NUMBER
control field 69361
003 - CONTROL NUMBER IDENTIFIER
rucl marc code BD-RjUL
005 - DATE AND TIME OF LATEST TRANSACTION
control field 20211209081857.0
008 - FIXED-LENGTH DATA ELEMENTS--GENERAL INFORMATION
fixed length control field 170330s1920 en ||||| |||| 001 0 eng d
035 ## - SYSTEM CONTROL NUMBER
System control number (BD-RjUL)
040 ## - CATALOGING SOURCE
Original cataloging agency BD-RjUL
Language of cataloging eng
Transcribing agency BD-RjUL
041 ## - LANGUAGE CODE
Language code of text/sound track or separate title eng
082 ## - DEWEY DECIMAL CLASSIFICATION NUMBER
Edition number 23
Classification number 530.141
Author mark and year FEE 1952
100 ## - MAIN ENTRY--PERSONAL NAME
Personal name Massey, W. T.
9 (RLIN) 164913
245 ## - TITLE STATEMENT
Title How Jerusalem was Won: being the record of Allenby's campaign in Palestine ... With illustrations and maps./
Statement of responsibility, etc. W T Massey
260 ## - PUBLICATION, DISTRIBUTION, ETC. (IMPRINT)
Place of publication, distribution, etc. NewYork :
Date of publication, distribution, etc. 1920
Name of publisher, distributor, etc. Charles Scribner's ,
300 ## - PHYSICAL DESCRIPTION
Pagination x, 295 p. ;
Size 22 cm
500 ## - GENERAL NOTE
General note Includes Indexes
650 ## - SUBJECT ADDED ENTRY--TOPICAL TERM
Topical term or geographic name as entry element World War
Chronological subdivision 1920
9 (RLIN) 228621
Topical term or geographic name as entry element Military campaigns
9 (RLIN) 228622
Topical term or geographic name as entry element Middle East--Palestine
9 (RLIN) 228623
942 ## - ADDED ENTRY ELEMENTS (KOHA)
Source of classification or shelving scheme Dewey Decimal Classification
Koha item type Books
Holdings
Lost status Source of classification or shelving scheme Damaged status Not for loan Collection code Permanent Location Current Location Shelving location Date acquired Total Checkouts Full call number Date last seen Copy number Koha item type
  Dewey Decimal Classification   Not For Loan Non-fiction Central Library, University of Rajshahi Central Library, University of Rajshahi Reading Room 26/02/2019   956.94 HAH 1920 26/02/2019 C-1 Books